00449nam a2200145Ia 4500003000900000008004100009020001600050040001600066080001700082100002400099245011600123260002600239300001600265650002200281IN-BaIIA211028s9999 xx 000 0 eng d a471-79168-7 cIIA Library a517.928bSIL aSiljak, Dragoslav D 0aNonlinear systemsbthe parameter analysis and designcDragoslav D. Siljak  aNew YorkbWileyc1969 axvii, 618p. aNonlinear systems